Statistiques concernant Pays du monde commençant par K et L.

Cliquez ici pour prendre le quiz!

Statistiques générales

  • Ce quiz a été pris 277 fois
    (195 depuis la dernière actualisation)
  • Le résultat moyen est 10 sur 15

Statistiques - réponses

Réponse% Correct
Lituanie
88%
Lettonie
86%
Kazakhstan
80%
Laos
70%
Kosovo
69%
Liban
69%
Kirghizistan
68%
Libye
68%
Kenya
65%
Liechtenstein
65%
Luxembourg
65%
Kiribati
63%
Liberia
61%
Lesotho
60%
Koweït
59%

Distribution des résultats

Percentile par nombre de réponses

% des personnes avec chaque résultat

Votre développement - résultats

Vous n’avez pas pris ce quiz depuis la dernière actualisation